• 首页
  • 本馆介绍
  • 公告通知
  • 最新文献
  • 馆藏检索
  • 电子资源
  • 读者导购
  • 参考咨询
  • 我的图书馆
  • 登录
  • 详细信息显示
  • 放入我的书架
  • 预约/预借图书
  • 作者相关作品
  • 分类相关作品
  • 丛书相关作品
  • 出版社相关作品

书目信息

  • 表格格式
  • 工作单格式
  • 卡片格式
题名:
各国宪法制度和民商法要览
    
 
作者: ;上海社科院法学研究所编译室 编译
分册: 下   欧洲分册
出版信息: 北京   法律出版社  1986.03
页数: 497页
开本: 21cm
丛书名:
单 册:
中图分类: D910-61
科图分类:
主题词: 法律--汇编--世界--词典
电子资源:
ISBN:
000 00735nam0 2200217 45
001 0503301646
005 20061030095719.87
010    @dCNY3.10
091    @a6004.794
100    @a20050330d1986 km y0chiy0120 ea
101 0  @achi
105    @a z 000yy
200 1  @a各国宪法制度和民商法要览@AGe Guo Xian Fa Zhi Du He Min Shang Fa Yao Lan@i欧洲分册@h下@f上海社科院法学研究所编译室编译@FShang Hai She Ke Yuan FaXue Yan Jiu Suo Bian Yi Shi Bian Yi
210    @a北京@c法律出版社@d1986.03
215    @a497页@d21cm
517    @a欧洲分册@AOu Zhou Fen Ce
606 0  @a法律@x汇编@x世界@x词典
690    @aD910-61@v3
711 02 @a上海社科院法学研究所编译室@4编译
801    @aCN@bPftUser@c20061030
905    @f1@b167834@dD910-61@e106:1(2)
    
    各国宪法制度和民商法要览.欧洲分册.下/上海社科院法学研究所编译室编译.-北京:法律出版社,1986.03
    497页;21cm
    
    
    ISBN :CNY3.10
    
●
相关链接 在E读中查询图书 在五车中查询图书 在当当中查询图书 在豆瓣中查询图书


正题名:各国宪法制度和民商法要览     索取号:D910-61/106:1(2)         预约/预借

序号 登录号 条形码 馆藏地/架位号 状态 备注
1 0167834   002007937   第一借阅区/ [索取号:D910-61/106:1(2)] 在馆    
2 0167835   000367551   第一样本阅览室/ [索取号:D910-61/106:1(2)] 在馆    
唐山师范学院图书馆 欢迎您!
大连网信软件有限公司© 版权所有